Сетевой подход как предпосылка появления сетевого менеджмента; Информационные технологии в науке, управлении, социальной сфере и медицине; Ч. 2
| Parent link: | Информационные технологии в науке, управлении, социальной сфере и медицине: сборник научных трудов III Международной научной конференции, 23-26 мая 2016 г., Томск.— , 2016 Ч. 2.— 2016.— [С. 519-521] |
|---|---|
| Κύριος συγγραφέας: | |
| Συγγραφή απο Οργανισμό/Αρχή: | |
| Περίληψη: | Заглавие с титульного экрана The article deals with network approach as factor of network management`s appearance. To date, there is no unified opinion what network management is. Speaking of network approach, there are some traits which characterize it: self-reproduction, equality of actors, horizontal integration and so on. The purpose of the article is to give the reader some information on networks and network approach. The article also describes the most important persons who introduced these terms. |
| Γλώσσα: | Ρωσικά |
| Έκδοση: |
2016
|
| Σειρά: | Информационные технологии и моделирование в маркетинге |
| Θέματα: | |
| Διαθέσιμο Online: | http://earchive.tpu.ru/handle/11683/31522 |
| Μορφή: | MixedMaterials Ηλεκτρονική πηγή Κεφάλαιο βιβλίου |
| KOHA link: | https://koha.lib.tpu.ru/cgi-bin/koha/opac-detail.pl?biblionumber=619789 |
MARC
| LEADER | 00000naa2a2200000 4500 | ||
|---|---|---|---|
| 001 | 619789 | ||
| 005 | 20231101133059.0 | ||
| 035 | |a (RuTPU)RU\TPU\conf\18225 | ||
| 035 | |a RU\TPU\conf\18224 | ||
| 090 | |a 619789 | ||
| 100 | |a 20160901d2016 k y0rusy50 ca | ||
| 101 | 0 | |a rus | |
| 102 | |a RU | ||
| 105 | |a y z 101zy | ||
| 135 | |a drgn ---uucaa | ||
| 181 | 0 | |a i | |
| 182 | 0 | |a b | |
| 200 | 1 | |a Сетевой подход как предпосылка появления сетевого менеджмента |d Network approach as factor of network managements appearance |f Ю. В. Абушахманова | |
| 203 | |a Текст |c электронный | ||
| 225 | 1 | |a Информационные технологии и моделирование в маркетинге | |
| 230 | |a 1 компьютерный файл (pdf; 396 Kb) | ||
| 300 | |a Заглавие с титульного экрана | ||
| 320 | |a [Библиогр.: с. 521 (3 назв.)] | ||
| 330 | |a The article deals with network approach as factor of network management`s appearance. To date, there is no unified opinion what network management is. Speaking of network approach, there are some traits which characterize it: self-reproduction, equality of actors, horizontal integration and so on. The purpose of the article is to give the reader some information on networks and network approach. The article also describes the most important persons who introduced these terms. | ||
| 461 | 1 | |0 (RuTPU)RU\TPU\conf\17281 |t Информационные технологии в науке, управлении, социальной сфере и медицине |o сборник научных трудов III Международной научной конференции, 23-26 мая 2016 г., Томск |o в 2 ч. |d 2016 | |
| 463 | 1 | |0 (RuTPU)RU\TPU\conf\17287 |t Ч. 2 |f Национальный исследовательский Томский политехнический университет (ТПУ) ; под ред. О. Г. Берестневой [и др.] |v [С. 519-521] |d 2016 | |
| 510 | 1 | |a Network approach as factor of network managements appearance |z eng | |
| 610 | 1 | |a труды учёных ТПУ | |
| 610 | 1 | |a электронные ресурсы | |
| 610 | 1 | |a сетевое общество | |
| 610 | 1 | |a социально-экономическое развитие | |
| 610 | 1 | |a менеджмент | |
| 610 | 1 | |a сетевой подход | |
| 610 | 1 | |a социальные науки | |
| 700 | 1 | |a Абушахманова |b Ю. В. | |
| 712 | 0 | 2 | |a Национальный исследовательский Томский политехнический университет (ТПУ) |c (2009- ) |2 stltpush |3 (RuTPU)RU\TPU\col\15902 |
| 801 | 2 | |a RU |b 63413507 |c 20160912 |g RCR | |
| 856 | 4 | |u http://earchive.tpu.ru/handle/11683/31522 | |
| 942 | |c BK | ||